| 000 | 00482nam a2200205Ia 4500 | ||
|---|---|---|---|
| 001 | 14295 | ||
| 003 | GE_BSU | ||
| 008 | 181216s||||||||xx |||||||||||||| ||und|| | ||
| 040 | _cGE_BSU | ||
| 080 | _a73.01 | ||
| 100 | _aQuennell, Peter | ||
| 245 | 4 | _aThe Colosseum | |
| 245 | _cEditors Of The Newsweek Book Division | ||
| 260 | _aLondon | ||
| 260 | _bReader's digest association Limited | ||
| 260 | _c1971 | ||
| 300 | _a172p.ill.30cm. | ||
| 653 | _aThe Colosseum | ||
| 942 | _cBK | ||
| 999 |
_c47433 _d47433 |
||